书目信息 |
| 题名: |
前沿流媒体实用手册
|
|
| 作者: | 陈洪彬 编著 | |
| 分册: | ||
| 出版信息: | 北京 中国科学技术出版社 2003.07 |
|
| 页数: | 269页 | |
| 开本: | 26cm | |
| 丛书名: | ||
| 单 册: | ||
| 中图分类: | TP37-62 | |
| 科图分类: | ||
| 主题词: | 计算技术 , 电子计算机 | |
| 电子资源: | ||
| ISBN: | 7-5046-3529-4 | |
| 000 | 00602nam0 2200205 45 | |
| 001 | 0456849889 | |
| 005 | 2004091615472988 | |
| 010 | @a7-5046-3529-4@d28.00CNY | |
| 100 | @a20040916d2003 km y0chiy0120 ea | |
| 101 | 0 | @achi |
| 102 | @aCN@b110000 | |
| 200 | 1 | @a前沿流媒体实用手册@AQian Yan Liu Mei Ti Shi Yong Shou Ce@f陈洪彬编著@FChen Hong Bin Bian Zhu |
| 210 | @a北京@c中国科学技术出版社@d2003.07 | |
| 215 | @a269页@d26cm | |
| 606 | 0 | @a计算技术 |
| 606 | 0 | @a电子计算机 |
| 690 | @aTP37-62@v3 | |
| 701 | 0 | @a陈洪彬@AChen Hong Bin@4编著 |
| 801 | 0 | @aCN@bPFT@c20040916 |
| 905 | @a安徽大学@dTP37-62@eC440 | |
| 前沿流媒体实用手册/陈洪彬编著.-北京:中国科学技术出版社,2003.07 |
| 269页;26cm |
| ISBN 7-5046-3529-4:28.00CNY |
| ● |
| 相关链接 |
|
|
|
正题名:前沿流媒体实用手册
索取号:TP37-62/C440
 
预约/预借
| 序号 | 登录号 | 条形码 | 馆藏地/架位号 | 状态 | 备注 |
| 1 | 394274 | 203942742 | 自科二线400A/400A自科库 6排1列3层/ [索取号:TP37-62/C440] | 在馆 | |
| 2 | 394275 | 203942751 | 自科库301/301自科库 94排2列1层/ [索取号:TP37-62/C440] | 在馆 | |
| 3 | 394276 | 203942760 | 自科库301/301自科库 94排2列1层/ [索取号:TP37-62/C440] | 在馆 |